| 000 | 00827nam a22001935i 4500 | ||
|---|---|---|---|
| 001 | 158500 | ||
| 003 | ES-MaACL | ||
| 005 | 20231111062533.0 | ||
| 008 | 990310s1881 sp |||| | spa d | ||
| 040 |
_aCCPB | B _bspa _cCCPB | B |
||
| 100 | 1 |
_aMagnabal, Joseph Germain. _9129345 |
|
| 245 | 1 | 0 |
_aReseña de los estudios clásicos de las letras españolas en Francia _b: discurso pronunciado en el Paraninfo de la Universidad de Madrid, el día 24 de Mayo de 1881 / _cpor J. G. Magnabal. |
| 260 |
_aMadrid : _b[s.n.], _c1881 ( _fImprenta y Estereotipia de Aribau y C.) |
||
| 300 |
_a14 p. ; _c22 cm. |
||
| 597 | _aAntep. | ||
| 650 | 4 |
_aLiteratura española- _xHistoria y crítica _914560 |
|
| 852 |
_aES-MaACL _jT-378-F-26 _z-- Enc. hol. _q-- Falto de la cub. original _z-- Enc. en un vol. facticio |
||
| 999 |
_c158500 _d158500 |
||